Crazy Ex-Girlfriend Lyric to Song - Statistics

General Stats
  • This quiz has been taken 170 times
  • The average score is 12 of 15
Answer Stats
Question Answer % Correct
Which song features the lyric... 'We're tired of all your tangents'? The Math of Love Triangles
100%
... 'Let's just go home and drink rosé!' Friendtopia
93%
... 'Tear, tear, tear, Goes your vagina!'? Miracle of Birth
93%
... 'No one you work with looks like Ally McBeal'? Don't Be a Lawyer
87%
... 'Suit jacket is a blankie now'? Man Nap
87%
... 'But like 2% milk or seitan beef, I almost taste the same'? Settle For Me
87%
... 'This girl smells like sausages'? Women Gotta Stick Together
87%
... 'A handful is the proper serving anyway'? Love Kernels
80%
... 'A real wholesome meal—piece of cake'? So Maternal
80%
... 'Karen says, "Sorry Angelique has an epigastric hernia"'? Stuck in the Bathroom
80%
... 'Forget the "O", even just "K" would suffice'? (Tell Me I'm Okay) Patrick
80%
... 'Who's this new character? I mean, he's such a "character"'? Who's The New Guy?
80%
... 'I'm not afraid of clowns and trains!'? I'm So Good at Yoga
73%
... 'I used to like guacamole, now I don't like guacamole'? Thought Bubbles
67%
... 'I left my keys and phone at the club'? Duh!
60%
No matching quizzes found
Score Distribution
Percent of People with Each Score
Percentile by Number Answered
Your Score History
You have not taken this quiz